000 00441nam a2200181Ia 4500
001 22505
005 20260414150835.0
008 260414t2007||||xx |||||||||||||| ||spa||
041 _aESP
082 _a621.382
_bB74
100 _aBoria Esbert, Vicente E. [et. al...]
_eAUT
245 0 _aLíneas de transmisión
_b
260 _c2007
300 _a320 páginas :
_c24 cm.
650 _aTCA
654 _aCET
942 _cLIB
_dJUS
_fJUS
_2ddc
_n
999 _c22505
_d22505